000 00491nam a2200181Ia 4500
999 _c14231
_d14231
003 OSt
005 20201027103654.0
008 190216s9999||||xx |||||||||||||| ||und||
020 _a9780553813302
040 _coclc
082 _a813.54
_bCHI/E
100 _aChild, Lee
_95725
245 0 _aEcho Burning /
_cLee Child
260 _bBantam Books ,
_c2002.
_aLondon:
300 _a571p
650 _aEnglish General
942 _cBK
_2ddc
_h813.54
_iCHI/E
_k813.54
_mCHI/E